000 00749nam a2200241 a 4500
001 000018767
005 20200929165844.0
008 100518s1973 sp r 000 f spa d
020 _a8432504807
040 _aDO-SdBNP
_bspa
_cBNPHU
082 _a843.8
_bM452c
100 1 _aMaupassant, Guy de,
_d1850-1893
_913633
245 1 4 _aLos caminos de la demencia /
_cGuy de Maupassant ; traducción de Antonio Gallifa Olivé.
260 _aMadrid :
_bDoncel,
_c1973.
300 _a245 p. ;
_c18 cm.
490 1 _aLibro joven de bolsillo
_v51
650 4 _aNovela francesa
_91075
650 4 _aLiteratura francesa
_91074
700 1 _aGallifa Olivé, Antonio,
_etr.
_940491
830 0 _aLibro joven de bolsillo
_912847
910 _aWM
049 _aBNGR
999 _c18287
_d18287